Kultura a fenomén její interpretace

Pojmové vymedzenie kultúry. Tradičné vymedzenia. Pokrok v oblasti vedy a techniky a vznik masovej kultúry. Kultúra ľudskej spoločnosti. Etnická kultúra. Zjednocovacie tendencie v Európe a kultúra.

Salvato in:
Dettagli Bibliografici
Autore principale: Sapík, Miroslav
Natura: Capitolo di libro
Lingua:ceco
Soggetti:
Tags: Aggiungi Tag
Nessun Tag, puoi essere il primo ad aggiungerne!!

MARC

LEADER 00000naa$a2200000$$$4500
001 0031137
005 20221019104822.9
041 0 |a cze 
044 |a SK 
245 1 0 |a Kultura a fenomén její interpretace  |c Miroslav Sapík 
520 |a Pojmové vymedzenie kultúry. Tradičné vymedzenia. Pokrok v oblasti vedy a techniky a vznik masovej kultúry. Kultúra ľudskej spoločnosti. Etnická kultúra. Zjednocovacie tendencie v Európe a kultúra. 
610 2 0 |a globalizácia 
610 2 0 |a história 
610 2 0 |a pojmy 
610 2 0 |a kultúra 
610 2 0 |a Európa 
610 2 0 |a spoločnosť 
610 2 0 |a veda 
610 2 0 |a technika 
100 1 |a Sapík, Miroslav